|
|
|
|
| LEADER |
00000nam a22000007a 4500 |
| 005 |
20150811003057.0 |
| 007 |
cr|||| |||| |
| 008 |
150811s2014 es |||||s|||| 00||0 spa d |
| 020 |
|
|
|a 978-84-9085-290-3
|
| 035 |
|
|
|a 12762
|
| 040 |
|
|
|a vLex
|
| 090 |
|
|
|c 5511
|d 5511
|
| 100 |
1 |
|
|a LLed ̤Yagüe, Francisco
|
| 245 |
1 |
3 |
|a El patrimonio sucesorio
|h [Recurso electrn̤ico] :
|b Reflexiones para un debate reformista /
|c Francisco LLed ̤Yagüe, Oscar Monje Balmaseda, Jos ̌Angel Torres Lana, M® Pilar Ferrer Vanrell
|
| 256 |
|
|
|a Servicio en ln̕ea
|
| 260 |
|
|
|a Madrid:
|b Dykinson,
|c 2014
|
| 300 |
|
|
|a 1 recurso electrn̤ico
|
| 500 |
|
|
|a Parece conveniente justificar la presente obra acudiendo a su subtt̕ulo, que denota con claridad la finalidad y el objetivo que pretendemos: “un debate reflexivo sobre el Derecho sucesorio”. Se expresa as ̕que se trata de un enfoque ciertamente crt̕ico sobre una materia muy necesitada de actualizacin̤ y de reforma, exigencias ambas derivadas de la nueva configuracin̤ de la familia espaǫla. En orden a ello, se han tenido siempre presentes dos notas sobre las que pareca̕ esencial desarrollar la obra. Por un lado, se ha procurado huir de un tratamiento excesivamente dogmt̀ico o conceptual de las cuestiones abordadas que, en caso contrario, quedara̕n alejadas tanto de la realidad social como de la prc̀tica del Derecho sucesorio en los foros que le son propios, principalmente juzgados y notara̕s, pues štos constituyen el espacio natural y genuino en el que se plantean, dilucidan y resuelven las controversias sucesorias. Por otro lado, se ha pretendido en todo momento que las aportaciones a esta obra procediesen no sl̤o de especialistas de reconocida competencia −props̤ito totalmente conseguido−, sino que pudiesen aunar el rigor cientf̕ico y la calidad tčnica con el carc̀ter prc̀tico pretendido, buscando siempre soluciones adecuadas, empr̕icas y realistas.
|
| 506 |
1 |
|
|a Disponible solo en los productos indicados
|d vLex Global
|d vLex Global (Academic Edition, excluding Law Schools)
|d vLex Global (U.S. Academic Edition, Law Schools)
|d vLex Global (U.S. Academic Edition, excluding Law Schools)
|d vLex Global (Academic Edition, Law Schools)
|
| 650 |
0 |
4 |
|a Derecho Civil
|z Espaą
|
| 700 |
1 |
|
|a Monje Balmaseda, Oscar
|
| 700 |
1 |
|
|a Torres Lana, Jos ̌Angel
|
| 700 |
1 |
|
|a Ferrer Vanrell, M® Pilar
|
| 740 |
0 |
|
|a vLex Libros (Servicio en ln̕ea)
|
| 856 |
4 |
0 |
|u http://vlex.com/source/patrimonio-sucesorio-reflexiones-para-un-debate-reformista-12762
|z Acceso restringido
|
| 942 |
|
|
|c BOOK
|
| 999 |
0 |
|
|a Civil Law
|